Ships of the Victorian navy /

Bibliographic Details
Main Author: Dixon, Conrad
Corporate Author: Society for Nautical Research (London, England)
Format: Book
Language:English
Published: Southampton : Ashford Press published in association with the Society for Nautical Research, 1987.
Subjects:

MARC

Tag First Indicator Second Indicator Subfields
LEADER 00000cam a2200000 a 4500
001 in00000017644
005 20151007053451.0
008 870722s1987 enka 00010 eng d
010 |a gb 87013791  
015 |a GB87-13791 
020 |a 1852530243 (pbk) :  |c £8.95 
020 |a 1852530332 (cased) :  |c £14.95 
035 |a (OCoLC)15593150 
035 |9 AAB1758AM 
040 |a UKM  |c UKM  |d UtOrBLW 
043 |a e-uk--- 
049 |a TXAM  |c [A12609273] 
050 1 0 |a VA454 
050 4 |a VA454  |b .D55 1987 
082 0 |a 623.8/25/0941  |2 19 
100 1 |a Dixon, Conrad. 
245 1 0 |a Ships of the Victorian navy /  |c by Conrad Dixon. 
264 1 |a Southampton :  |b Ashford Press published in association with the Society for Nautical Research,  |c 1987. 
300 |a vii, 112 pages :  |b color illustrations ;  |c 26 cm. 
336 |a text  |b txt  |2 rdacontent 
337 |a unmediated  |b n  |2 rdamedia 
338 |a volume  |b nc  |2 rdacarrier 
504 |a Bibliography: page 110. 
610 1 0 |a Great Britain.  |b Royal Navy. 
650 0 |a Ships  |z Great Britain. 
650 0 |a Warships  |z Great Britain  |x History  |y 20th century. 
710 2 |a Society for Nautical Research (London, England) 
999 |a MARS 
999 f f |s c0af774b-fb8a-334e-83de-d9216dded249  |i e3d8ba62-01ab-3780-8abb-7762c28c6041  |t 0 
952 f f |p ric  |a Texas A&M University  |b Rellis Campus  |c Joint Library Facility  |d Remote Storage  |t 0  |e VA454 .D55 1987  |h Library of Congress classification  |i unmediated -- volume  |m A14812609273 
998 f f |a VA454 .D55 1987  |t 0  |l Remote Storage